03422cam a22003857i 4500952014300000999001700143001000900160003000400169005001700173008004100190010001700231020001800248020003100266020002800297035002400325040008000349042001400429050002400443082001800467100003500485245007600520250002100596264003000617300004600647336002600693337002800719338002700747504005100774505171800825520034802543650002502891700003302916906004502949942004202994 00102ddc40708DATAaMESbMEScCOMPd2022-07-25e51g723.75l0o005.74 ELM/Fp41503r2022-07-25 00:00:00v965.00w2022-07-25yBKzGL33R2 c41487d4148718816839OSt20220723121053.0151014s2016 njua f b 001 0 eng d a 2015472854 a9789332582705 a9780133970777q(hardcover) a0133970779q(hardcover) a(OCoLC)ocn913842106 aYDXCPbengcYDXCPerdadOCLCOdOCLCQdUMRdBTCTAdBDXdCDXdCUYdOCLCFdDLC alccopycat00aQA76.9.D3bE57 201604a005.74bELM/F aElmasri, Ramez eauthor.9141510aFundamentals of database systems /cRamez Elmasri, Shamkant B. Navathe. aSeventh edition. 1aIndia :bPearson,c[2022] axxx, 1242 pages :billustrations ;c24 cm atextbtxt2rdacontent aunmediatedbn2rdamedia avolumebnc2rdacarrier aIncludes bibliographical references and index.0 aDatabases and Database Users -- Database System Concepts and Architecture -- Data Modeling Using the Entity-Relationship (ER) Model -- The Enhanced Entity-Relationship (EER) Model -- The Relational Data Model and Relational Database Constraints -- Basic SQL -- More SQL: Complex Queries, Triggers, Views, and Schema Modification -- The Relational Algebra and Relational Calculus -- Relational Database Design by ER- and EER-to-Relational Mapping -- Introduction to SQL Programming Techniques -- Web Database Programming Using PHP -- Object and Object-Relational Databases -- XML: Extensible Markup Language -- Basics of Functional Dependencies and Normalization for Relational Databases -- Relational Database Design Algorithms and Further Dependencies -- Disk Storage, Basic File Structures, Hashing, and Modern Storage Architectures -- Indexing Structures for Files and Physical Database Design -- Strategies for Query Processing -- Query Optimization -- Introduction to Transaction Processing Concepts and Theory -- Concurrency Control Techniques -- Database Recovery Techniques -- Distributed Database Concepts -- NOSQL Databases and Big Data Storage Systems -- Big Data Technologies Based on MapReduce and Hadoop -- Enhanced Data Models: Introduction to Active, Temporal, Spatial, Multimedia, and Deductive Databases -- Introduction to Information Retrieval and Web Search -- Data Mining Concepts -- Overview of Data Warehousing and OLAP -- Database Security -- Appendix A, Alternative Diagrammatic Notations for ER Models -- Appendix B, Parameters of Discs -- Appendix C, Overview of the QBE Language -- Appendix D, Overview of the Hierarchical Data Models -- Appendix E, Overview of the Network Data Model. a"This book introduces the fundamental concepts necessary for designing, using, and implementing database systems and database applications. Our presentation stresses the fundamentals of database modeling and design, the languages and models provided by the database management systems, and database system implementation techniques"--Page vii. 0aDatabase management.1 aNavathe, Shameauthor.91672 a7bcbcccopycatd2encipf20gy-gencatlg 2ddccBKh005.74iELM/Fk005.74mELM/F